Statistics for Click to Assemble Country Flags - Mega Version

Click here to take the quiz!

General Stats

  • This quiz has been taken 345 times
  • The average score is 31 of 50

Answer Stats

HintAnswer% Correct
81%
80%
79%
77%
74%
73%
73%
73%
69%
69%
68%
68%
68%
67%
66%
66%
66%
65%
65%
64%
64%
64%
63%
62%
62%
61%
61%
60%
60%
59%
58%
58%
56%
56%
56%
55%
54%
54%
53%
53%
52%
52%
51%
51%
50%
49%
49%
48%
47%
43%

Score Distribution

Percentile by Number Answered

Percent of People with Each Score

Your Score History

You have not taken this quiz